Statistics for Countries with Two 1M+ Cities - #1

Click here to take the quiz!

General Stats

  • This quiz has been taken 44 times
  • The average score is 19 of 24

Answer Stats

Population (Millions)Algeria% Correct
EgyptAlexandria
100%
AlgeriaAlgiers
100%
EgyptCairo
100%
PortugalLisbon
100%
KenyaNairobi
100%
TunisiaTunis
100%
PeruLima
97%
SyriaDamascus
94%
VietnamHanoi
94%
VietnamHo Chi Minh City
94%
PortugalPorto
94%
Congo (Rep.)Brazzaville
91%
HondurasTegucigalpa
89%
CameroonYaounde
86%
SyriaAleppo
83%
MyanmarYangon
83%
AlgeriaOran
77%
KenyaMombasa
71%
CameroonDouala
66%
MyanmarMandalay
60%
PeruArequipa
37%
HondurasSan Pedro Sula
34%
TunisiaSousse
29%
Congo (Rep.)Pointe Noire
23%

Score Distribution

Percentile by Number Answered

Percent of People with Each Score

Your Score History

You have not taken this quiz